Statystyki dla Zgadnij, Gdzie się odbyły poszczególne Mistrzostwa Świata

Kliknij tutaj aby rozwiązać quiz!

Ogólne statystyki

  • Ten quiz został rozwiązany 120 razy
  • Średni wynik to 21 z 24

Statystyki odpowiedzi

Rok MistrzostwWpisz Kraj% Poprawnych
2014Brazylia
99%
1950Brazylia
99%
2002Brazylia
99%
2022Katar
97%
2024Niemcy
97%
2006Niemcy
97%
1974Niemcy
97%
2018Rosja
97%
1938Francja
92%
1998Francja
92%
1930Urugwaj
91%
1994USA
89%
2010RPA
88%
2012Polska
84%
1990Włochy
84%
1934Włochy
84%
1978Argentyna
83%
1986Meksyk
83%
1970Meksyk
83%
1966Anglia
82%
1982Hiszpania
79%
1958Szwecja
64%
1962Chile
56%
1954Szwajcaria
50%

Rozkład punktacji

Percentyl według liczby udzielonych odpowiedzi

Procent ludzi z każdym wynikiem

Twoja historia wyników

Nie rozwiązałeś tego quizu